000 00599nam a2200253Ia 4500
008 160525s9999||||xx |||||||||||||| ||und||
040 _cSanskrit
082 _aVII. A(Author) Kalidas/Dvivedi
082 _bBORI-99824
100 _aRevaprasad Dvivedi
245 _aKalidasbharati
300 _a379
300 _cB
300 _ePaperback
530 _u00099824.pdf
563 _aStudy
600 _aRevaprasad Dvivedi
630 _aKalidasbharati
650 _aAuthor
650 _aClassical Lit.
700 _aRevaprasad Dvivedi
730 _aKalidasbharati
942 _cBOOK
999 _c1385781
_d1385778